Salud con la gente: el rol de los ONG en las politicas públicas en América Latina

Bewaard in:
Bibliografische gegevens
Formaat: Boek
Taal:Spaans
Gepubliceerd in: Santiago CORSAPS 1990
Onderwerpen:
Tags: Voeg label toe
Geen labels, Wees de eerste die dit record labelt!

MARC

LEADER 00000nam a2200000 a 4500
001 UCY1134
003 CL-VaPUC
008 940822e19900000CL |||||||||||||||||spa|d
082 0 4 |a 361.7  |b SAL  |2 21 
245 1 0 |a Salud con la gente: el rol de los ONG en las politicas públicas en América Latina 
300 |a 215 p 
942 |c BK 
945 |d 19940822 00:00:00  |a rbrito 
260 |a Santiago  |b CORSAPS  |c 1990 
650 7 |a ORGANISMOS NO-GUBERNAMEMTALES  |2 CL-VaPUC  |9 329019 
650 0 |a Salud pública  |9 258913 
651 0 |a América Latina   |9 255027 
583 |a last modification  |c 20181001 01:00:54  |k Rodrigo Vera 
999 |c 229924  |d 229922 
952 |0 0  |1 0  |4 0  |6 361_700000000000000_SAL_1990  |7 0  |8 P  |9 231661  |a BIBEDU  |b BIBEDU  |c BIBEDU_PB  |d 2019-11-15  |i 3003973  |o 361.7 SAL 1990  |p 3003973  |r 2024-01-25  |w 2019-11-15  |y BK  |k EDU